[Event "Erfurt op Seniors 29th"]
[Site "Erfurt"]
[Date "2019.12.27"]
[Round "2"]
[White "Klein, Reinhard"]
[Black "Teichmann, Axel"]
[Result "1-0"]
[WhiteElo "1868"]
[BlackElo "1716"]
[PlyCount "79"]
[EventDate "2019.12.26"]
[EventType "swiss"]
[EventRounds "5"]
[EventCountry "GER"]
[SourceTitle "CBM 194 Extra"]
[Source "ChessBase"]
[SourceDate "2020.03.31"]
[SourceVersion "1"]
[SourceVersionDate "2020.03.31"]
[SourceQuality "1"]

1. d4 d5 2. Nf3 Nc6 3. Bf4 Nf6 4. e3 e6 5. Nbd2 Bd6 6. c3 Bxf4 7. exf4 0-0 8. Bd3 a6 9. 0-0 Ne7 10. Ne5 Ng6 11. g3 Nd7 12. Nxg6 hxg6 13. Re1 c5 14. Nf3 c4 15. Bc2 b5 16. Ng5 Re8 17. Qf3 Nf8 18. a4 f6 19. Nh3 e5 20. fxe5 Bxh3 21. g4 fxe5 22. Qxh3 e4 23. Qg3 Qf6 24. h4 Ne6 25. f3 g5 26. h5 Qxf3 27. Qxf3 exf3 28. axb5 Nf4 29. bxa6 Nh3+ 30. Kf1 Rxe1+ 31. Kxe1 Nf4 32. b4 Re8+ 33. Kf1 Ne2 34. Bg6 Ra8 35. Ra3 Kf8 36. b5 Ke7 37. b6 Kd6 38. b7 Rb8 39. Bf5 Kc7 40. Bc8 1-0

[Event "GER-chB Seniors 26th"]
[Site "Bad Neuenahr"]
[Date "2014.08.12"]
[Round "8"]
[White "Teichmann, Axel"]
[Black "Wraga, Teresa"]
[Result "0-1"]
[WhiteElo "1853"]
[BlackElo "1622"]
[PlyCount "45"]
[EventDate "2014.08.05"]
[EventType "swiss"]
[EventRounds "9"]
[EventCountry "GER"]
[SourceTitle "EXT 2018"]
[Source "ChessBase"]
[SourceDate "2017.10.13"]
[SourceVersion "1"]
[SourceVersionDate "2017.10.13"]
[SourceQuality "1"]

1. e4 d6 2. Nc3 g6 3. d4 Nf6 4. Nf3 Bg7 5. Be3 0-0 6. h3 a6 7. a4 Nbd7 8. d5 c6 9. a5 c5 10. Bc4 b5 11. axb6 Nxb6 12. Qe2 Nxc4 13. Qxc4 Bb7 14. 0-0 Qc7 15. b4 Nd7 16. Ra3 Rfc8 17. bxc5 Nxc5 18. Rb1 Rab8 19. Ne2 Bxd5 20. Rxb8 Bxc4 21. Rxc8+ Qxc8 22. Ng3 Ne6 23. Nd2 0-1

[Event "GER-chB Seniors 26th"]
[Site "Bad Neuenahr"]
[Date "2014.08.06"]
[Round "2"]
[White "Teichmann, Axel"]
[Black "Bartl, Birgit"]
[Result "1-0"]
[WhiteElo "1853"]
[BlackElo "1518"]
[PlyCount "64"]
[EventDate "2014.08.05"]
[EventType "swiss"]
[EventRounds "9"]
[EventCountry "GER"]
[SourceTitle "EXT 2018"]
[Source "ChessBase"]
[SourceDate "2017.10.13"]
[SourceVersion "1"]
[SourceVersionDate "2017.10.13"]
[SourceQuality "1"]

1. e4 c5 2. Nf3 Nc6 3. d4 cxd4 4. Nxd4 d6 5. c3 a6 6. a4 Nf6 7. Bd3 e6 8. 0-0 Be7 9. Nd2 0-0 10. Qc2 Ne5 11. Nc4 Nxd3 12. Qxd3 d5 13. exd5 Nxd5 14. Ne3 Nf4 15. Qc2 Ng6 16. Nf3 Bd7 17. Rd1 Qc8 18. b4 Bc6 19. Nd4 Bd7 20. Bb2 e5 21. Ndf5 Bg5 22. g3 Bxe3 23. Nxe3 Re8 24. Qd3 Bc6 25. Qf5 Qc7 26. h4 Rad8 27. h5 Ne7 28. Qc2 h6 29. c4 Rxd1+ 30. Qxd1 Bd7 31. b5 Nf5 32. Nxf5 Bxf5 1-0

[Event "GER Seniors Derby 03rd"]
[Site "Undeloh"]
[Date "2004.04.18"]
[Round "7"]
[White "Weigend, Joachim"]
[Black "Teichmann, Axel"]
[Result "1/2-1/2"]
[WhiteElo "1913"]
[BlackElo "1830"]
[PlyCount "32"]
[EventDate "2004.04.15"]
[EventType "swiss"]
[EventRounds "7"]
[EventCountry "GER"]
[SourceTitle "EXT 2006"]
[Source "ChessBase"]
[SourceDate "2005.11.24"]
[SourceVersion "1"]
[SourceVersionDate "2005.11.24"]
[SourceQuality "1"]

1. d4 d5 2. c4 Nf6 3. Nc3 dxc4 4. e4 e6 5. Bxc4 c6 6. Bg5 Be7 7. Nf3 Nbd7 8. 0-0 0-0 9. e5 Nd5 10. Bxe7 Qxe7 11. Qd2 h6 12. h3 a6 13. a4 N7b6 14. Bb3 Qb4 15. Nxd5 Nxd5 16. Qxb4 Nxb4 1/2-1/2

[Event "GER Seniors Derby 03rd"]
[Site "Undeloh"]
[Date "2004.04.17"]
[Round "6"]
[White "Teichmann, Axel"]
[Black "Postler, Reinhard"]
[Result "0-1"]
[WhiteElo "1830"]
[BlackElo "2245"]
[PlyCount "72"]
[EventDate "2004.04.15"]
[EventType "swiss"]
[EventRounds "7"]
[EventCountry "GER"]
[SourceTitle "EXT 2006"]
[Source "ChessBase"]
[SourceDate "2005.11.24"]
[SourceVersion "1"]
[SourceVersionDate "2005.11.24"]
[SourceQuality "1"]

1. e4 c5 2. Nf3 e6 3. d4 cxd4 4. Qxd4 Nc6 5. Qa4 Nf6 6. c3 d6 7. Nbd2 Be7 8. e5 dxe5 9. Nxe5 Qc7 10. Nxc6 bxc6 11. Nf3 0-0 12. Be2 e5 13. Bg5 e4 14. Nd4 Bd7 15. Qc2 Rfe8 16. 0-0-0 Rab8 17. f3 Qa5 18. Bxf6 Bxf6 19. Bc4 c5 20. Nb3 Qc7 21. fxe4 Be6 22. Bxe6 Rxe6 23. g3 c4 24. Nd4 Reb6 25. Rhe1 Qb7 26. Re2 g6 27. Rf1 Qa6 28. Qb1 Bxd4 29. cxd4 c3 30. Rff2 cxb2+ 31. Kd2 Qa5+ 32. Kd1 Qc3 33. Rd2 Rb4 34. Rfe2 Rxd4 35. Rxd4 Qxd4+ 36. Ke1 Qg1+ 0-1

[Event "GER Seniors Derby 03rd"]
[Site "Undeloh"]
[Date "2004.04.16"]
[Round "4"]
[White "Jung, Klaus"]
[Black "Teichmann, Axel"]
[Result "0-1"]
[WhiteElo "1613"]
[BlackElo "1830"]
[PlyCount "74"]
[EventDate "2004.04.15"]
[EventType "swiss"]
[EventRounds "7"]
[EventCountry "GER"]
[SourceTitle "EXT 2006"]
[Source "ChessBase"]
[SourceDate "2005.11.24"]
[SourceVersion "1"]
[SourceVersionDate "2005.11.24"]
[SourceQuality "1"]

1. e4 e5 2. Nf3 Nc6 3. Bc4 d6 4. 0-0 Bg4 5. Be2 Nf6 6. d3 Be7 7. b3 0-0 8. Nbd2 d5 9. exd5 Qxd5 10. Bb2 Bd6 11. Nc4 Rfe8 12. Ne3 Qc5 13. h3 Bxf3 14. Bxf3 Rab8 15. Ng4 Nxg4 16. Bxg4 Rbd8 17. c3 a5 18. Qd2 Ne7 19. Bf3 c6 20. Rad1 Ng6 21. Be4 Nf8 22. Rfe1 b5 23. Qe2 g6 24. Qf3 Rc8 25. d4 Qb6 26. Qf6 Re6 27. Qf3 Be7 28. dxe5 Rxe5 29. Qf4 f6 30. c4 g5 31. Qg4 Rd8 32. Rxd8 Qxd8 33. Bxe5 fxe5 34. Rd1 Qe8 35. cxb5 cxb5 36. Qf5 Ng6 37. Bd5+ Kg7 0-1

[Event "GER Seniors Derby 03rd"]
[Site "Undeloh"]
[Date "2004.04.15"]
[Round "1"]
[White "Teichmann, Axel"]
[Black "Ludwig, Richard"]
[Result "1-0"]
[WhiteElo "1830"]
[BlackElo "1493"]
[PlyCount "113"]
[EventDate "2004.04.15"]
[EventType "swiss"]
[EventRounds "7"]
[EventCountry "GER"]
[SourceTitle "EXT 2006"]
[Source "ChessBase"]
[SourceDate "2005.11.24"]
[SourceVersion "1"]
[SourceVersionDate "2005.11.24"]
[SourceQuality "1"]

1. e4 Nf6 2. Nc3 d5 3. e5 d4 4. exf6 dxc3 5. fxe7 Bxe7 6. bxc3 0-0 7. d4 Re8 8. Be3 Nd7 9. Be2 Nf6 10. Bf3 Nd5 11. Ne2 Nxe3 12. fxe3 Bg5 13. e4 c6 14. 0-0 Be3+ 15. Kh1 Qg5 16. Qd3 Qh6 17. Ng3 g6 18. Rae1 Bf4 19. Bd1 Be6 20. Qf3 Bxg3 21. Qxg3 Bxa2 22. Qc7 Bc4 23. Be2 Bxe2 24. Rxe2 f6 25. Qxb7 Rec8 26. Qe7 Rf8 27. Qe6+ Kh8 28. Ref2 a5 29. Rxf6 Rxf6 30. Qxf6+ Kg8 31. Qxc6 Rf8 32. Qd5+ Kg7 33. Qe5+ Kg8 34. Qd5+ Kg7 35. Rb1 Rf7 36. Qxa5 Qd2 37. Qe5+ Kh6 38. Qg3 Qxc2 39. Rg1 Qxe4 40. h3 Qe2 41. Re1 Qc4 42. Qe3+ Kg7 43. Kh2 Rc7 44. Rc1 Qd5 45. Qd3 Rf7 46. Rc2 Qd6+ 47. Qg3 Qd7 48. Qe5+ Kg8 49. Re2 Qc7 50. Qxc7 Rxc7 51. Re3 Kf7 52. Kg3 h6 53. Kf4 Kf6 54. Ke4 Ra7 55. c4 Ra2 56. g4 Ra4 57. Kd5 1-0